00576nam a2200157Ia 4500008004100000020005500041040000800096082001600104100003900120245002500159260000900184264009000193942001300283952010500296999001700401231129s2009||||xx |||||||||||||| ||spa|| a978-958-44-3431-9  bspa aCo861 H868r aHoyos Suárez Hernán Adálber 0aRecreos de ilusión c2009 aNeiva Huila Colombia : Gobernación del Huila. Secretarí­a de Cultura y Turismo 2ddccBKS 00102ddc4070aBRCbBRCd2017-08-17l0oCo861 H868rp39948r2023-11-29 21:29:36t1w2023-11-29yBK c23786d23786